| 000 | 00815nam a22003137a 4500 | ||
|---|---|---|---|
| 003 | OSt | ||
| 005 | 20140331132606.0 | ||
| 008 | 140331b xxu||||| |||| 00| 0 eng d | ||
| 020 | _a0590999478 | ||
| 050 |
_aLB 1049.9 _b.K19s70 1997 |
||
| 100 | _aKatzman, Carol. | ||
| 245 |
_aI spy : _ba poem about working together / _cCarol Katzman; Alice Evans; Abby Carter |
||
| 260 |
_aNew York : _bScholastic, _cc1997. |
||
| 300 |
_a16 p. : _bcol. ill. ; _c14 cm. |
||
| 440 |
_aScholastic phonics readers _n#70 |
||
| 521 | _aBR | ||
| 526 | _c200 | ||
| 650 | _aReaders (Primary) | ||
| 650 |
_a Reading _vPhonetic method. |
||
| 942 |
_2lcc _cBK |
||
| 999 |
_c48789 _d48789 |
||